Úkolový sadzobník [C] Všeobecné práce PSV

Bibliographic Details
Format: Book
Language:Slovak
PhysicalDescription:185 s. 15 cm
Published: Praha Ústav normování ve stavebnictví 1964
Subjects:

MARC

LEADER 00000cam a2200000 a 4500
001 vtls008335422
003 SK-MaSNL
005 20260301142149.0
008 230403s1964 xr g 000 0 slo
015 |a SNBA1964/10-02129 
020 |q (brožované) 
035 |a SK01SNK19640027639 
035 |a urn:nbn:sk:snk-am3hqsa 
035 |a 97BE27FF-33E7-4449-8F93-3F5069EE09D8 
035 |a urn:nbn:sk:snk-am00d5xr 
035 |a SKM000030102 
040 |a SNK  |b slo  |c SNK  |e AACR2 
041 0 |a slo 
044 |a xr  |c CZ 
072 7 |a 69  |x Stavebníctvo  |2 konspekt 
080 |a 69.05  |2 2011 
080 |a (085.7)  |2 2011 
245 0 0 |a Úkolový sadzobník  |n [C]  |p Všeobecné práce PSV 
246 3 0 |a Všeobecné práce PSV 
260 |a Praha  |b Ústav normování ve stavebnictví  |c 1964 
300 |a 185 s.  |c 15 cm 
366 |e 2000 kusov 
500 |a P. Bibliografický katalóg ČSSR - České knihy 3478/1964 
500 |a Spoluvydalo Ministerstvo stavebníctva a ÚV odboru svazu zaměstnanců ve stavebním průmyslu Obsahuje část. text z Úkolového sadzobníku, čís. 4., 5., 6., 7., 8. a 9. 
650 0 7 |a stavebné práce  |2 SNKPH  |9 68050 
650 0 7 |a Building work  |2 SNKPHeng  |9 316364 
655 7 |a sadzobníky  |2 SNKPH  |9 74712 
655 7 |a Tariffs  |2 SNKPHeng  |9 340447 
852 |a Slovenská národná knižnica 
954 |a odborná, vedecká literatúra pôvodná (slovenská)  |2 lita 
958 |a TL 
958 |a RK 
958 |a OND 
958 |a EUIPO 
999 |c 769366  |d 771296 
952 |a SNK  |b SNK  |y VYP  |7 0  |p 17A1190648  |o snkSE 3668 D1  |i snkKSP 3095/64  |0 0  |1 0  |4 0  |d 2018-09-29  |l 0  |r 2026-02-24 00:30:30  |w 2026-02-24 
952 |a SNK  |b SNK  |y PREZ  |7 0  |p 17A0744330  |o snkSE 3668  |i snkKSP 3094/64  |0 0  |1 0  |4 0  |d 2018-04-16  |f 1  |l 0  |r 2026-02-24 00:30:30  |w 2026-02-24